|
|
|
|
| LEADER |
00000nbm0a2200000 4500 |
| 001 |
323958 |
| 005 |
20231102003624.0 |
| 035 |
|
|
|a (RuTPU)RU\TPU\book\349547
|
| 090 |
|
|
|a 323958
|
| 100 |
|
|
|a 20161101d1992 k y0rusy50 ca
|
| 101 |
0 |
|
|a rus
|
| 102 |
|
|
|a RU
|
| 105 |
|
|
|a a m 001zy
|
| 200 |
1 |
|
|a Импульсные линейные электромагнитные двигатели с регулируемыми выходными параметрами
|e диссертация на соискание ученой степени кандидата технических наук
|e спец. 05.09.01
|f В. И. Мошкин
|g Российская академия наук (РАН), Сибирское отделение (СО), Институт горного дела (ИГД) ; науч. рук. Н. П. Ряшенцев
|
| 210 |
|
|
|a Новосибирск
|c [Б. и.]
|d 1992
|
| 215 |
|
|
|a 189 л.
|c ил.
|
| 320 |
|
|
|a Библиогр.: с. 166-177
|
| 371 |
0 |
|
|a For_staff_use
|
| 606 |
1 |
|
|a Электродвигатели линейные
|2 stltpush
|3 (RuTPU)RU\TPU\subj\19895
|9 45059
|
| 610 |
1 |
|
|a магнитные циклы
|
| 610 |
1 |
|
|a импульсные линейные электромагнитные двигатели
|
| 610 |
1 |
|
|a магнитные системы
|
| 610 |
1 |
|
|a оптимизация
|
| 610 |
1 |
|
|a питание
|
| 610 |
1 |
|
|a питательные устройства
|
| 610 |
1 |
|
|a управление
|
| 610 |
1 |
|
|a рабочие процессы
|
| 610 |
1 |
|
|a прессовое оборудование
|
| 610 |
1 |
|
|a приводы
|
| 610 |
1 |
|
|a расчет
|
| 610 |
1 |
|
|a диссертации
|
| 675 |
|
|
|a 621.313.13(04)
|v 4
|
| 686 |
|
|
|a 05.09.01
|2 oksvnk
|
| 700 |
|
1 |
|a Мошкин
|b В. И.
|g Владимир Иванович
|
| 702 |
|
1 |
|a Ряшенцев
|b Н. П.
|4 727
|
| 712 |
0 |
2 |
|a Российская академия наук (РАН)
|b Сибирское отделение (СО)
|b Институт горного дела (ИГД)
|c (Новосибирск)
|2 stltpush
|3 (RuTPU)RU\TPU\col\2521
|
| 801 |
|
1 |
|a RU
|b 63413507
|c 20161101
|
| 801 |
|
2 |
|a RU
|b 63413507
|c 20181004
|g RCR
|
| 942 |
|
|
|c BK
|